| 000 | 00431nam a2200181Ia 4500 | ||
|---|---|---|---|
| 001 | 14034 | ||
| 005 | 20260306164844.0 | ||
| 008 | 260306t2014||||xx |||||||||||||| ||spa|| | ||
| 041 | _aESP | ||
| 082 |
_a006.3 _bA156 |
||
| 100 |
_aAlpaydin, Ethem _eAUT |
||
| 245 | 0 | _aIntroduction to machine learning | |
| 260 | _c2014 | ||
| 300 |
_axxii, 613 páginas : _cfigs. |
||
| 650 | _aGEN | ||
| 654 | _aCCC | ||
| 942 |
_cLIB _dJUS _fJUS _2ddc _n |
||
| 999 |
_c14034 _d14034 |
||